00228nam a2200085Ia 4500008004100000041000800041100001900049245004400068260003000112241105s9999 xx 000 0 und d aeng aJyrwa Merlinda aKhasi Culture Village in Smit Meghalaya bBNCA M Arch Digitalc2017